Following up attitude survey findings (Record no. 480839)

000 -LEADER
fixed length control field 00506cam a22001457a 4500
008 - FIXED-LENGTH DATA ELEMENTS--GENERAL INFORMATION
fixed length control field 180718b1961 xxu||||| |||| 00| 0 eng d
082 ## - DEWEY DECIMAL CLASSIFICATION NUMBER
Classification number K715 N213
245 ## - TITLE STATEMENT
Title Following up attitude survey findings
Statement of responsibility, etc. by National Industrial Conference Board, USA
260 ## - PUBLICATION, DISTRIBUTION, ETC.
Place of publication, distribution, etc. New York
Name of publisher, distributor, etc. National Industrial Conference Board
Date of publication, distribution, etc. 1961
300 ## - PHYSICAL DESCRIPTION
Extent 76p.
500 ## - GENERAL NOTE
General note Studies in Personnel Policy No.181:$3.00
650 ## - SUBJECT ADDED ENTRY--TOPICAL TERM
Topical term or geographic name entry element Habbe, Stephen
650 ## - SUBJECT ADDED ENTRY--TOPICAL TERM
Topical term or geographic name entry element Suggestion Systems
700 ## - ADDED ENTRY--PERSONAL NAME
Personal name USA. National Industrial Conference Board
Holdings
Withdrawn status Lost status Damaged status Not for loan Permanent Location Current Location Date acquired Full call number Barcode Date last seen Price effective from Koha item type
        Indian Institute of Public Administration Indian Institute of Public Administration 2018-08-04 K715 N213 GR4415 2018-08-04 2018-08-04 GR

Powered by Koha